Surat-surat
| Main Author: | |
|---|---|
| Format: | Book |
| Published: |
Sri Ramakrishna :
Chennai ,
2003
|
MARC
| LEADER | 00000cam a2200000 7i4500 | ||
|---|---|---|---|
| 001 | 0000042778 | ||
| 005 | 20140906.0 | ||
| 008 | 140906 | ||
| 020 | |a 8171208210 | ||
| 090 | 0 | 0 | |a 899.2313 |b VIV |
| 100 | 1 | |a Vivekananthar, Swami | |
| 245 | 1 | 2 | |a Surat-surat |c Swami Vivekananthar |
| 260 | |a Sri Ramakrishna : |b Chennai , |c 2003 | ||
| 999 | |a 0001031448 |b Book |c Tamil Collection |e Cawangan AEON Kulaijaya | ||